| 000 | 00822nam a2200229 a 4500 | ||
|---|---|---|---|
| 001 | 000013104 | ||
| 005 | 20250924073801.0 | ||
| 008 | 091120s1988 dr a 000 j spa d | ||
| 040 |
_aDO-SdBNP _bspa _cBNPHU |
||
| 082 |
_aRD863.44 _bS787d |
||
| 100 | 1 |
_aStanley, Avelino, _d1959- _91536 |
|
| 245 | 1 | 4 |
_aLos disparos : _bcuentos / _cAvelino Stanley. |
| 260 |
_aSanto Domingo : _bUASD, _c1988. |
||
| 300 |
_a116 p. : _bil. ; _c21 cm. |
||
| 490 | 1 |
_aPublicaciones de la Universidad Autónoma de Santo Domingo _v594 |
|
| 590 | _aInventariado, 2019/VM | ||
| 650 | 0 |
_aCuentos dominicanos _9176 |
|
| 650 | 0 |
_aLiteratura dominicana. _967 |
|
| 710 | 1 |
_aUniversidad Autónoma de Santo Domingo _972951 |
|
| 830 |
_aPublicaciones de la Universidad Autónoma de Santo Domingo _v594 _952 |
||
| 910 | _aValidado. Control de calidad MMOLINA | ||
| 999 |
_c12746 _d12746 |
||